US States in New Netherland - Statistics

General Stats
  • This quiz has been taken 20 times
  • The average score is 5 of 6
Answer Stats
State % Correct
New York
100%
New Jersey
89%
Delaware
83%
Pennsylvania
83%
Connecticut
72%
Rhode Island
72%
No matching quizzes found
Score Distribution
Percent of People with Each Score
Percentile by Number Answered
Your Score History
You have not taken this quiz